[Event "21st European Teams"]
[Site "Hersonissos GRE"]
[Date "2017.11.04"]
[Round "7.19"]
[Board "2"]
[White "Nielsen, Hogni Egilstoft"]
[Black "Makolli, Perparim"]
[Result "1-0"]
[WhiteTitle "FM"]
[BlackTitle "FM"]
[WhiteElo "2352"]
[BlackElo "2333"]
[WhiteTeam "Faroe Islands"]
[BlackTeam "Kosovo"]
[WhiteFideId "7200404"]
[BlackFideId "908630"]
[EventDate "2017.10.28"]

1. e4 c5 2. Nf3 Nc6 3. Bb5 Na5 4. c3 a6 5. Ba4 b5 6. Bc2 d6 7. O-O Bg4 8. h3
Bxf3 9. Qxf3 e5 10. a4 b4 11. d4 cxd4 12. cxb4 Nc6 13. a5 Nb8 14. Ba4+ Nd7 15.
Na3 Ra7 16. Bd2 Be7 17. b5 Ngf6 18. b6 Ra8 19. Bc6 Rc8 20. Bb7 Nc5 21. Bxc8 Qxc8
22. b4 Ncxe4 23. Rfc1 Qe6 24. Be1 O-O 25. h4 g5 26. Rc2 gxh4 27. Rac1 Ng5 28.
Qb7 e4 29. f3 exf3 30. Bxh4 d3 31. Bxg5 dxc2 32. Qxf3 Qe5 33. Bxf6 Bxf6 34. Rxc2
Qe1+ 35. Kh2 Be5+ 36. g3 Kh8 37. Nc4 Bd4 38. Nxd6 f5 39. b7 Be5 40. Nxf5 Rxf5
41. b8=Q+ Bxb8 42. Rc8+ Kg7 43. Qg4+ 1-0

[Event "21st European Teams"]
[Site "Hersonissos GRE"]
[Date "2017.11.04"]
[Round "7.19"]
[Board "3"]
[White "Ermeni, Avni"]
[Black "Nielsen, Rogvi Egilstoft"]
[Result "1/2-1/2"]
[WhiteTitle "FM"]
[BlackTitle "FM"]
[WhiteElo "2247"]
[BlackElo "2338"]
[WhiteTeam "Kosovo"]
[BlackTeam "Faroe Islands"]
[WhiteFideId "912840"]
[BlackFideId "7200447"]
[EventDate "2017.10.28"]

1. e4 e5 2. Nf3 Nc6 3. Bc4 Nf6 4. d3 Bc5 5. c3 O-O 6. Bb3 d5 7. Qe2 a5 8. Bg5 d4
9. a4 Rb8 10. Nbd2 h6 11. Bh4 Be7 12. Nc4 Nd7 13. Bg3 Bf6 14. Na3 Nc5 15. Bc2
Ne6 16. O-O g5 17. Nc4 Nf4 18. Bxf4 gxf4 19. Nfd2 Kh7 20. Kh1 Rg8 21. Rg1 Bg4
22. f3 Be6 23. g3 fxg3 24. hxg3 Bg5 25. Qh2 Qf6 26. Raf1 Bxd2 27. Nxd2 b5 28.
Rf2 Rg5 29. f4 exf4 30. gxf4 Rxg1+ 31. Kxg1 bxa4 32. e5 Qf5 33. Ne4 Rg8+ 34. Kf1
Rg6 35. Bxa4 Bd5 36. Qh1 Kg7 37. c4 Nb4 38. cxd5 Nxd3 39. Qf3 Nxf2 40. Kxf2 Rb6
41. b3 d3 42. Ke3 Rg6 43. Ng3 Qg4 44. Qxg4 Rxg4 45. Nf5+ Kg6 46. Ne7+ Kg7 47. d6
cxd6 48. exd6 Kf6 49. Nd5+ Ke6 50. d7 Rg8 51. Nc7+ Kd6 52. Ne8+ Ke7 53. f5 d2
54. f6+ Kd8 55. Kxd2 Rg5 56. Ke3 Rd5 57. Ke4 Rd2 58. Kf4 h5 59. Kg5 Rd5+ 60. Kh4
Rd4+ 61. Kxh5 Rh4+ 62. Kg5 Rh5+ 63. Kf4 Rf5+ 64. Ke3 Re5+ 65. Kd2 Rd5+ 66. Kc1
Rc5+ 67. Kd1 Rd5+ 1/2-1/2

[Event "21st European Teams"]
[Site "Hersonissos GRE"]
[Date "2017.11.04"]
[Round "7.19"]
[Board "4"]
[White "Nilssen, John Arni"]
[Black "Sadiku, Bedri"]
[Result "1-0"]
[WhiteTitle "IM"]
[BlackTitle "IM"]
[WhiteElo "2326"]
[BlackElo "2213"]
[WhiteTeam "Faroe Islands"]
[BlackTeam "Kosovo"]
[WhiteFideId "7200137"]
[BlackFideId "915998"]
[EventDate "2017.10.28"]

1. d4 d5 2. c4 c6 3. Nf3 e6 4. Nc3 f5 5. Bf4 Nf6 6. e3 Bd6 7. Bd3 O-O 8. O-O Qe7
9. Qc2 Ne4 10. Ne2 Nd7 11. c5 Bb8 12. b4 h6 13. Bxb8 Rxb8 14. Ne5 Nxe5 15. dxe5
Ng5 16. Kh1 Nf7 17. f4 Bd7 18. Nd4 g6 19. Rac1 Rfc8 20. Qe2 Rc7 21. g4 Nh8 22.
Rg1 Kh7 23. Rg3 Rg8 24. Rcg1 Rcc8 25. Qc2 Rcf8 26. a3 Rg7 27. Qg2 Kg8 28. Qh3
Rff7 29. gxf5 gxf5 30. Qxh6 Rxg3 31. Rxg3+ Rg7 32. Kg2 Qf7 33. Be2 b6 34. Bh5
Qf8 35. Qf6 bxc5 36. bxc5 Rxg3+ 37. hxg3 Qxf6 38. exf6 Nf7 39. Nf3 Nd8 40. Ne5
Bc8 41. Kh3 Kh7 42. Be8 Bb7 43. Kh4 1-0

[Event "21st European Teams"]
[Site "Hersonissos GRE"]
[Date "2017.11.04"]
[Round "7.20"]
[Board "1"]
[White "Berry, Neil"]
[Black "Mehmeti, Dritan"]
[Result "1/2-1/2"]
[WhiteTitle "FM"]
[BlackTitle "IM"]
[WhiteElo "2283"]
[BlackElo "2428"]
[WhiteTeam "Scotland"]
[BlackTeam "Albania"]
[WhiteFideId "2400650"]
[BlackFideId "4700600"]
[EventDate "2017.10.28"]

1. d4 Nf6 2. c4 c5 3. d5 b5 4. cxb5 a6 5. bxa6 g6 6. Nc3 Bxa6 7. e4 Bxf1 8. Kxf1
d6 9. g3 Bg7 10. Kg2 O-O 11. Nf3 Nbd7 12. a4 Qa5 13. Bd2 Qa6 14. Qc2 Rfc8 15.
Rhe1 Ng4 16. h3 Nge5 17. Nxe5 Nxe5 18. Nb5 c4 19. Bc3 Nd3 20. Re3 Bxc3 21. Qxc3
Rc5 22. Ra3 Qa5 23. Nd4 Qxc3 24. bxc3 Rca5 25. Nc6 Rxa4 26. Rxa4 Rxa4 27. Nxe7+
Kf8 28. Nc6 Ra2 29. Nb4 Rxf2+ 30. Kg1 Rd2 31. Nxd3 cxd3 32. Kf1 Ke7 33. Ke1 Rh2
34. Rxd3 Rxh3 35. Kf2 Rh1 36. Ke3 h5 37. Kd4 h4 38. gxh4 Rxh4 39. Rg3 Rh1 40.
Rf3 Rd1+ 41. Ke3 Rh1 42. Kd4 Rd1+ 43. Ke3 Rh1 44. Kd4 1/2-1/2

[Event "21st European Teams"]
[Site "Hersonissos GRE"]
[Date "2017.11.04"]
[Round "7.20"]
[Board "2"]
[White "Pasko, Llambi"]
[Black "Morrison, Graham SCO"]
[Result "1-0"]
[BlackTitle "FM"]
[WhiteElo "2292"]
[BlackElo "2278"]
[WhiteTeam "Albania"]
[BlackTeam "Scotland"]
[WhiteFideId "4701178"]
[BlackFideId "2400090"]
[EventDate "2017.10.28"]

1. d4 Nf6 2. c4 e6 3. Nf3 Bb4+ 4. Bd2 Bxd2+ 5. Qxd2 d5 6. Nc3 O-O 7. e3 Qe7 8.
Bd3 Rd8 9. O-O dxc4 10. Bxc4 c5 11. Rad1 cxd4 12. Nxd4 Bd7 13. Ndb5 Nc6 14. Qd6
a6 15. Qxe7 Nxe7 16. Nd4 Nc6 17. Nb3 Rac8 18. Be2 Be8 19. Bf3 Kf8 20. Nc5 Rxd1
21. Rxd1 Ne5 22. Nxb7 Nxf3+ 23. gxf3 Bc6 24. Nd6 Rb8 25. Nc4 Bxf3 26. Rd6 Nd5
27. Na4 Rc8 28. b3 Be2 29. Nab2 Nb4 30. a3 Nc6 31. Rd7 Rd8 32. Rc7 Bf3 33. h4
Ke8 34. Kh2 Rd7 35. Rc8+ Rd8 36. Rc7 Rd7 37. Rxd7 Kxd7 38. Kg3 Be2 39. f4 Kc7
40. Kf2 Bh5 41. Nd3 Nb8 42. e4 Nd7 43. Ke3 f6 44. b4 h6 45. f5 e5 46. Ncb2 Kc6
47. Na4 Bf7 48. Ndc5 Nxc5 49. Nxc5 a5 50. Kd3 axb4 51. axb4 Kb5 52. Kc3 g5 53.
hxg5 hxg5 54. Nd7 g4 55. Kd3 g3 56. Ke3 Kxb4 57. Nxf6 g2 58. Kf2 Kc4 59. Kxg2
Kd4 60. Kf3 Bb3 61. Kg4 Ke3 62. Kg5 Kf3 63. Nd7 1-0

[Event "21st European Teams"]
[Site "Hersonissos GRE"]
[Date "2017.11.04"]
[Round "7.20"]
[Board "3"]
[White "Burnett, Andrew"]
[Black "Ashiku, Franc"]
[Result "0-1"]
[WhiteTitle "FM"]
[BlackTitle "FM"]
[WhiteElo "2226"]
[BlackElo "2394"]
[WhiteTeam "Scotland"]
[BlackTeam "Albania"]
[WhiteFideId "2400855"]
[BlackFideId "4700066"]
[EventDate "2017.10.28"]

1. d4 d5 2. Bf4 Nf6 3. e3 c5 4. Nd2 Nc6 5. Ngf3 Bf5 6. c3 Qb6 7. dxc5 Qxb2 8.
Nd4 Bg6 9. Bb5 e6 10. Qc1 Qxc1+ 11. Rxc1 a6 12. Ba4 Nd7 13. N2b3 Rc8 14. Nxc6
bxc6 15. c4 Bd3 16. cxd5 exd5 17. Kd2 Bc4 18. e4 Nxc5 19. exd5 Nxb3+ 20. Bxb3
Bb4+ 21. Kd1 cxd5 22. Bd2 a5 23. Re1+ Kd7 24. Ba4+ Kc7 25. Bb3 Kb6 26. Bxb4 axb4
27. Re7 Bxb3+ 28. axb3 Rxc1+ 29. Kxc1 Rc8+ 30. Kd2 Rc7 31. Re8 Rc3 32. Re7 Rc7
33. Re8 Ra7 34. Rb8+ Kc5 35. Kd3 Ra2 36. Rc8+ Kd6 37. Rd8+ Ke6 38. Re8+ Kd7 39.
Re5 Kd6 40. Rf5 f6 41. Rf3 Kc5 42. Rg3 g6 43. Rh3 Rxf2 44. Rxh7 Rxg2 45. Rc7+
Kd6 46. Rg7 g5 47. Rf7 Ke6 48. Rb7 Rg4 49. Rb8 Rh4 50. Re8+ Kf5 51. Rd8 Rh3+ 52.
Kd4 Rxb3 53. Rxd5+ Kg4 0-1

[Event "21st European Teams"]
[Site "Hersonissos GRE"]
[Date "2017.11.04"]
[Round "7.20"]
[Board "4"]
[White "Seitaj, Ilir"]
[Black "Grant, Jonathan I M"]
[Result "1-0"]
[WhiteTitle "IM"]
[WhiteElo "2372"]
[BlackElo "2179"]
[WhiteTeam "Albania"]
[BlackTeam "Scotland"]
[WhiteFideId "4700031"]
[BlackFideId "2400294"]
[EventDate "2017.10.28"]

1. e4 c6 2. Nc3 d5 3. Nf3 Bg4 4. h3 Bxf3 5. Qxf3 e6 6. d4 dxe4 7. Qxe4 Nf6 8.
Qd3 Nbd7 9. Be2 g6 10. h4 h5 11. Bg5 Qc7 12. O-O-O Bh6 13. g3 O-O-O 14. Qf3 Qa5
15. Bxh6 Rxh6 16. Rhe1 Rhh8 17. Kb1 Rhe8 18. Bc4 Qf5 19. Qg2 Qa5 20. Qf1 Nb6 21.
Bb3 Nbd5 22. Ne2 Re7 23. Nc1 Qb6 24. c3 a5 25. Ka1 Ng4 26. Nd3 Nh6 27. Ne5 Kb8
28. c4 Nb4 29. d5 a4 30. Bxa4 cxd5 31. cxd5 Nxd5 32. Bb3 Rc7 33. Nc4 Qb4 34. Ne3
Rcd7 35. Nxd5 exd5 36. Qd3 Nf5 37. Re5 d4 38. a3 Qb6 39. Rc1 Rc7 40. Rxc7 Qxc7
41. Rb5 Rd7 42. Ka2 Qc6 43. Re5 Rc7 44. Bd5 Qc5 45. Re8+ Ka7 46. Bb3 Re7 47. Rd8
Qc7 48. Rf8 Kb6 49. Bxf7 Qc6 50. Bc4 Qe4 51. Qb3+ Kc7 52. Bd5 1-0

[Event "21st European Teams"]
[Site "Hersonissos GRE"]
[Date "2017.11.05"]
[Round "8.1"]
[Board "2"]
[White "Radjabov, Teimour"]
[Black "Nepomniachtchi, Ian"]
[Result "1-0"]
[WhiteTitle "GM"]
[BlackTitle "GM"]
[WhiteElo "2741"]
[BlackElo "2733"]
[WhiteTeam "Azerbaijan"]
[BlackTeam "Russia"]
[WhiteFideId "13400924"]
[BlackFideId "4168119"]
[EventDate "2017.10.28"]

1. Nf3 c5 2. c4 Nc6 3. Nc3 g6 4. e3 Nf6 5. d4 cxd4 6. exd4 d5 7. cxd5 Nxd5 8.
Qb3 e6 9. Bb5 Bg7 10. Bxc6+ bxc6 11. O-O O-O 12. Na4 Qd6 13. Re1 Rb8 14. Qd3 c5
15. Nxc5 Nb4 16. Qc3 Bb7 17. a3 Nd5 18. Qd3 Ba8 19. b4 Rbc8 20. Ne5 Ne7 21. Bb2
Nf5 22. Rad1 Rfd8 23. Qe2 Qe7 24. Ne4 Qh4 25. f3 Rd5 26. a4 h6 27. b5 Qd8 28.
Rc1 Rxc1 29. Rxc1 Nxd4 30. Bxd4 Rxd4 31. Nc6 Bxc6 32. bxc6 Be5 33. Qc2 Qc7 34.
g3 Rb4 35. Kh1 Kg7 36. Qd1 Bd4 37. Nd6 Kh7 38. Nb5 Rxb5 39. axb5 e5 40. Qb3 Kg7
41. Qd5 Be3 42. Rd1 Qb8 43. Re1 Bd4 44. f4 1-0

[Event "21st European Teams"]
[Site "Hersonissos GRE"]
[Date "2017.11.05"]
[Round "8.2"]
[Board "1"]
[White "Leko, Peter"]
[Black "Eljanov, Pavel"]
[Result "1/2-1/2"]
[WhiteTitle "GM"]
[BlackTitle "GM"]
[WhiteElo "2679"]
[BlackElo "2720"]
[WhiteTeam "Hungary"]
[BlackTeam "Ukraine"]
[WhiteFideId "703303"]
[BlackFideId "14102951"]
[EventDate "2017.10.28"]

1. e4 e5 2. Nf3 Nc6 3. Bc4 Bc5 4. O-O Nf6 5. d3 d6 6. c3 h6 7. Re1 O-O 8. h3 a5
9. Bb5 Bd7 10. Nbd2 Re8 11. Nf1 Nb8 12. Bxd7 Nbxd7 13. d4 Bb6 14. Ng3 a4 15. Qc2
d5 16. exd5 exd4 17. Rxe8+ Qxe8 18. cxd4 Nxd5 19. Bd2 Nf8 20. Qc4 Qc6 21. Qxc6
bxc6 22. Rc1 Ne6 23. Ne2 c5 24. Rc4 a3 25. b3 cxd4 26. Nexd4 Bxd4 27. Nxd4 Nb6
28. Rb4 Nd5 29. Rc4 Nb6 30. Rb4 Nd5 31. Rc4 1/2-1/2

[Event "21st European Teams"]
[Site "Hersonissos GRE"]
[Date "2017.11.05"]
[Round "8.2"]
[Board "2"]
[White "Kryvoruchko, Yuriy"]
[Black "Erdos, Viktor"]
[Result "1/2-1/2"]
[WhiteTitle "GM"]
[BlackTitle "GM"]
[WhiteElo "2692"]
[BlackElo "2624"]
[WhiteTeam "Ukraine"]
[BlackTeam "Hungary"]
[WhiteFideId "14109182"]
[BlackFideId "719978"]
[EventDate "2017.10.28"]

1. e4 e5 2. Nf3 Nc6 3. Bc4 Bc5 4. O-O Nf6 5. d3 d6 6. c3 a5 7. Re1 h6 8. h3 O-O
9. Bb5 Bd7 10. Nbd2 a4 11. Nf1 Ne7 12. Bxd7 Qxd7 13. Ng3 Ra6 14. d4 Ba7 15. dxe5
dxe5 16. Nxe5 Qxd1 17. Rxd1 Re6 18. Nd7 Re8 19. Nxf6+ Rxf6 20. Be3 Bxe3 21. fxe3
Rg6 22. Kh2 Rb6 23. Rab1 Nc6 24. b3 axb3 25. Rxb3 Ra8 26. Rxb6 cxb6 27. Rd2 Ra4
28. Rb2 g6 29. Kg1 Ne5 30. Nf1 Nd3 31. Rxb6 1/2-1/2

[Event "21st European Teams"]
[Site "Hersonissos GRE"]
[Date "2017.11.05"]
[Round "8.2"]
[Board "3"]
[White "Rapport, Richard"]
[Black "Ponomariov, Ruslan"]
[Result "1/2-1/2"]
[WhiteTitle "GM"]
[BlackTitle "GM"]
[WhiteElo "2686"]
[BlackElo "2687"]
[WhiteTeam "Hungary"]
[BlackTeam "Ukraine"]
[WhiteFideId "738590"]
[BlackFideId "14103320"]
[EventDate "2017.10.28"]

1. e4 e5 2. Nf3 Nc6 3. Bc4 Nf6 4. Ng5 d5 5. exd5 Na5 6. Bb5+ c6 7. dxc6 bxc6 8.
Be2 h6 9. Nh3 g5 10. d3 Bg7 11. Ng1 O-O 12. Nc3 c5 13. Be3 Qb6 14. Rb1 Nc6 15.
Nf3 Re8 16. h4 g4 17. Nd2 Nd4 18. Nde4 Nh7 19. Nd5 Qc6 20. c4 f5 21. Nec3 Nf6
22. f3 g3 23. b4 Nxd5 24. cxd5 Qd6 25. Qa4 Bd7 26. bxc5 Qxc5 27. Qxd7 Qxc3+ 28.
Bd2 Qc8 29. Rb7 Qxd7 30. Rxd7 Red8 31. Rxd8+ Rxd8 32. Bd1 Rxd5 33. f4 exf4 34.
Bxf4 Ne6 35. Bxg3 Rxd3 36. Bb3 Bc3+ 37. Kf1 Rxg3 38. Bxe6+ Kg7 39. Bxf5 Re3 1/2-1/2

[Event "21st European Teams"]
[Site "Hersonissos GRE"]
[Date "2017.11.05"]
[Round "8.2"]
[Board "4"]
[White "Kravtsiv, Martyn"]
[Black "Almasi, Zoltan"]
[Result "1-0"]
[WhiteTitle "GM"]
[BlackTitle "GM"]
[WhiteElo "2677"]
[BlackElo "2707"]
[WhiteTeam "Ukraine"]
[BlackTeam "Hungary"]
[WhiteFideId "14113147"]
[BlackFideId "702293"]
[EventDate "2017.10.28"]

1. e4 e5 2. Nf3 Nc6 3. Bb5 Nf6 4. d3 Bc5 5. Bxc6 dxc6 6. O-O Qd6 7. c3 Bg4 8.
Nbd2 Nd7 9. h3 Bxf3 10. Qxf3 a5 11. Nc4 Qe6 12. Be3 O-O 13. Qg3 f6 14. f4 exf4
15. Rxf4 Rf7 16. Rf5 b5 17. Nd2 Bd6 18. Qe1 a4 19. Qe2 Re7 20. c4 g6 21. Rff1 a3
22. b3 f5 23. Bg5 Ree8 24. Rae1 Qe5 25. Nf3 Qg3 26. Kh1 Ne5 27. Bh4 Qf4 28. g3
Qh6 29. exf5 gxf5 30. Nd4 f4 31. Rxf4 Qg6 32. Re4 bxc4 33. dxc4 Rf8 34. c5 1-0

[Event "21st European Teams"]
[Site "Hersonissos GRE"]
[Date "2017.11.05"]
[Round "8.3"]
[Board "1"]
[White "Gelfand, Boris"]
[Black "Nisipeanu, Liviu-Dieter"]
[Result "1/2-1/2"]
[WhiteTitle "GM"]
[BlackTitle "GM"]
[WhiteElo "2737"]
[BlackElo "2672"]
[WhiteTeam "Israel"]
[BlackTeam "Germany"]
[WhiteFideId "2805677"]
[BlackFideId "1202758"]
[EventDate "2017.10.28"]

1. c4 e6 2. Nc3 d5 3. d4 a6 4. cxd5 exd5 5. Bf4 Nf6 6. e3 Bd6 7. Bxd6 Qxd6 8.
Bd3 O-O 9. Qc2 c5 10. dxc5 Qxc5 11. Nge2 Nc6 12. Rd1 Rd8 13. O-O Bg4 14. h3 Bh5
15. Qa4 d4 16. exd4 Qb6 17. Rd2 Bxe2 18. Nxe2 Rd6 19. Rfd1 Rad8 20. Bb1 g6 21.
Qc4 Na5 22. Qd3 Nc6 23. a3 Nxd4 24. Nxd4 Rxd4 25. Qe3 Rxd2 26. Rxd2 Qc7 27.
Rxd8+ Qxd8 28. Bc2 Ne8 29. Be4 Nd6 30. Bd5 Qf6 31. b3 Kg7 32. a4 Nf5 33. Qd3 b6
34. g3 a5 35. Be4 1/2-1/2

[Event "21st European Teams"]
[Site "Hersonissos GRE"]
[Date "2017.11.05"]
[Round "8.3"]
[Board "2"]
[White "Meier, Georg"]
[Black "Rodshtein, Maxim"]
[Result "1-0"]
[WhiteTitle "GM"]
[BlackTitle "GM"]
[WhiteElo "2655"]
[BlackElo "2699"]
[WhiteTeam "Germany"]
[BlackTeam "Israel"]
[WhiteFideId "4675789"]
[BlackFideId "2806851"]
[EventDate "2017.10.28"]

1. Nf3 d5 2. g3 Nf6 3. Bg2 e6 4. O-O c5 5. d4 cxd4 6. Nxd4 Be7 7. c4 O-O 8. cxd5
Nxd5 9. b3 Qa5 10. Bb2 Rd8 11. Qd2 Bb4 12. Qc2 Bd7 13. a3 Bf8 14. b4 Qa6 15. Nc3
Nxc3 16. Bxc3 Rc8 17. b5 Qb6 18. Qd2 a5 19. a4 Rc4 20. Nb3 Bb4 21. Bxb4 Rxb4 22.
Qc3 Na6 23. bxa6 Rxb3 24. axb7 Rf8 25. Qc2 g6 26. Rfd1 Rd8 27. Rac1 Kg7 28. Qc7 1-0

[Event "21st European Teams"]
[Site "Hersonissos GRE"]
[Date "2017.11.05"]
[Round "8.3"]
[Board "3"]
[White "Sutovsky, Emil"]
[Black "Fridman, Daniel"]
[Result "1/2-1/2"]
[WhiteTitle "GM"]
[BlackTitle "GM"]
[WhiteElo "2683"]
[BlackElo "2626"]
[WhiteTeam "Israel"]
[BlackTeam "Germany"]
[WhiteFideId "2802007"]
[BlackFideId "11600454"]
[EventDate "2017.10.28"]

1. e4 e5 2. Nf3 Nf6 3. Nxe5 d6 4. Nf3 Nxe4 5. Nc3 Nxc3 6. dxc3 Be7 7. Be3 O-O 8.
Bd3 Re8 9. Qe2 Nd7 10. O-O-O Bf8 11. g4 g6 12. h4 Nf6 13. h5 Bxg4 14. hxg6 fxg6
15. Rdg1 Qd7 16. Qd1 Bg7 17. Rh4 c6 18. Rg3 Rf8 19. Qg1 Bf5 20. Bxf5 Qxf5 21.
Ng5 Rae8 22. Nxh7 Rxe3 23. Rg5 Qe6 24. Nxf6+ Rxf6 25. fxe3 Qxa2 26. Rf4 Qa1+ 27.
Kd2 Qxb2 28. Qg3 Rf7 29. Rxf7 Qxc3+ 30. Kd1 Kxf7 31. Rxg6 Qe5 32. Qg4 Qd5+ 33.
Ke2 Bc3 34. Rh6 Qd2+ 35. Kf1 Qc1+ 36. Kg2 Qd2+ 37. Kf1 Qc1+ 1/2-1/2

[Event "21st European Teams"]
[Site "Hersonissos GRE"]
[Date "2017.11.05"]
[Round "8.3"]
[Board "4"]
[White "Svane, Rasmus"]
[Black "Smirin, Ilia"]
[Result "1-0"]
[WhiteTitle "GM"]
[BlackTitle "GM"]
[WhiteElo "2595"]
[BlackElo "2635"]
[WhiteTeam "Germany"]
[BlackTeam "Israel"]
[WhiteFideId "4657101"]
[BlackFideId "2801990"]
[EventDate "2017.10.28"]

1. d4 Nf6 2. Nf3 g6 3. g3 Bg7 4. Bg2 O-O 5. O-O d6 6. b3 Nc6 7. Bb2 e5 8. dxe5
Nd7 9. Qc1 Ndxe5 10. Nxe5 dxe5 11. Rd1 Bd7 12. Bxc6 bxc6 13. Nc3 Qc8 14. Ne4 Bf5
15. Qe3 Rd8 16. f3 h5 17. Nc5 Bxc2 18. Rxd8+ Qxd8 19. Rc1 Qd5 20. Qc3 Bd1 21.
Kf2 g5 22. Qd3 Rd8 23. Qxd5 Rxd5 24. Nd3 f5 25. Rxd1 e4 26. Bxg7 1-0

[Event "21st European Teams"]
[Site "Hersonissos GRE"]
[Date "2017.11.05"]
[Round "8.4"]
[Board "1"]
[White "Giri, Anish"]
[Black "Solak, Dragan"]
[Result "1/2-1/2"]
[WhiteTitle "GM"]
[BlackTitle "GM"]
[WhiteElo "2762"]
[BlackElo "2626"]
[WhiteTeam "Netherlands"]
[BlackTeam "Turkey"]
[WhiteFideId "24116068"]
[BlackFideId "916811"]
[EventDate "2017.10.28"]

1. d4 d5 2. c4 c6 3. Nf3 Nf6 4. g3 Bg4 5. Ne5 Bf5 6. cxd5 cxd5 7. Nc3 Nc6 8. f3
g6 9. Bg2 Bg7 10. Be3 O-O 11. O-O Nd7 12. Nxc6 bxc6 13. g4 Be6 14. Qd2 Nb6 15.
b3 c5 16. Rad1 c4 17. Bh6 Bxh6 18. Qxh6 Qd6 19. Rb1 Rfc8 20. Qd2 cxb3 21. axb3
Qb4 22. Rfc1 Rc7 23. Rc2 Rac8 24. Na2 Qxd2 25. Rxd2 a5 26. e3 h5 27. h3 hxg4 28.
hxg4 f5 29. g5 f4 30. exf4 Bf5 31. Ra1 Rc2 32. Rxc2 Rxc2 33. Bf1 Rd2 34. Nc3
Rxd4 35. Rxa5 Rxf4 36. Rb5 Rxf3 37. Ne2 Nd7 38. Bg2 Rd3 39. Bxd5+ e6 40. Bc4
Rd1+ 41. Kf2 Kf8 42. b4 Ke7 43. Rb7 Kd8 44. Bb5 Ne5 45. Ng3 Rd4 46. Be2 Nd3+ 47.
Bxd3 1/2-1/2

[Event "21st European Teams"]
[Site "Hersonissos GRE"]
[Date "2017.11.05"]
[Round "8.4"]
[Board "2"]
[White "Yilmaz, Mustafa"]
[Black "Bok, Benjamin"]
[Result "1/2-1/2"]
[WhiteTitle "GM"]
[BlackTitle "GM"]
[WhiteElo "2633"]
[BlackElo "2611"]
[WhiteTeam "Turkey"]
[BlackTeam "Netherlands"]
[WhiteFideId "6302718"]
[BlackFideId "1017063"]
[EventDate "2017.10.28"]

1. d4 Nf6 2. c4 g6 3. Nc3 d5 4. cxd5 Nxd5 5. e4 Nxc3 6. bxc3 Bg7 7. Qa4+ Qd7 8.
Bb5 c6 9. Be2 c5 10. Bb5 Nc6 11. Nf3 O-O 12. O-O Qc7 13. Bxc6 bxc6 14. Be3 Bg4
15. Nd2 cxd4 16. cxd4 e5 17. Nb3 Rfe8 18. Rfe1 Be6 19. Rac1 Bxb3 20. axb3 exd4
21. Bxd4 Bxd4 22. Qxd4 Rab8 23. Re3 Rb6 24. g3 Qb7 25. Rcc3 Rb4 26. Qc5 Rbxe4
27. Rxe4 Rxe4 28. Qxc6 Qxc6 29. Rxc6 Rb4 30. Ra6 Rxb3 31. Rxa7 Kg7 1/2-1/2

[Event "21st European Teams"]
[Site "Hersonissos GRE"]
[Date "2017.11.05"]
[Round "8.4"]
[Board "4"]
[White "Sanal, Vahap"]
[Black "Van Foreest, Jorden"]
[Result "1/2-1/2"]
[WhiteTitle "GM"]
[BlackTitle "GM"]
[WhiteElo "2549"]
[BlackElo "2609"]
[WhiteTeam "Turkey"]
[BlackTeam "Netherlands"]
[WhiteFideId "6300545"]
[BlackFideId "1039784"]
[EventDate "2017.10.28"]

1. e4 c6 2. d4 d5 3. Nc3 dxe4 4. Nxe4 Bf5 5. Ng3 Bg6 6. Nh3 e6 7. Nf4 Qc7 8. c3
Nf6 9. Qf3 Nbd7 10. Nxg6 hxg6 11. Ne4 Nxe4 12. Qxe4 Nf6 13. Qf3 Qd6 14. g3 Qd5
15. Bg2 O-O-O 16. O-O Be7 17. Re1 Qxf3 18. Bxf3 Nh7 19. Bg2 Nf6 20. a4 Nd5 21.
h4 a5 22. Bd2 Bf6 23. Re2 Rd7 24. Be4 Kc7 25. Kg2 Rdd8 26. Rh1 Nb6 27. Bc2 Nd5
28. Be4 Nb6 29. Bc2 Nd5 30. Ra1 b6 31. f4 Rb8 32. Kf3 Be7 33. Be1 Bd6 34. Bf2
Kd7 35. Rd2 Kc7 36. Bb3 Rbd8 37. Rdd1 Rb8 38. c4 Nb4 39. d5 e5 40. fxe5 Bxe5 41.
Rd2 c5 42. Re1 Rbe8 43. g4 Kd7 44. Bd1 g5 45. hxg5 Nd3 46. Rxd3 Rh3+ 47. Ke2
Bf4+ 48. Be3 Bxe3 49. Bc2 Bxg5+ 50. Kd1 Rxe1+ 51. Kxe1 Rh1+ 52. Ke2 Rh2+ 53. Kd1
g6 54. Rb3 Rh1+ 55. Ke2 Rh2+ 56. Kd1 Rd2+ 57. Kc1 Rxd5+ 58. Kb1 Rd4 59. Rxb6 Bd8
60. Rb5 Rxg4 61. Rxc5 Rg5 62. Rb5 Rxb5 63. axb5 Bb6 64. Ka2 Kd6 65. Ka3 Kc5 66.
b3 f5 67. Ka4 Kd4 68. Bb1 Ke5 69. Bd3 Ke6 70. b4 axb4 71. Kxb4 Kd6 72. Bc2 Be3
73. Ka5 Kc5 74. Bd3 Bg5 75. Ka6 Bd8 76. Kb7 Kd4 77. Be2 g5 78. Kc6 Ke3 79. Bf1
g4 80. c5 Kf2 81. b6 Bf6 82. Kd5 Bd8 83. Kc6 Bf6 84. Kd5 Bd8 1/2-1/2

[Event "21st European Teams"]
[Site "Hersonissos GRE"]
[Date "2017.11.05"]
[Round "8.5"]
[Board "2"]
[White "Bosiocic, Marin"]
[Black "Gharamian, Tigran"]
[Result "1-0"]
[WhiteTitle "GM"]
[BlackTitle "GM"]
[WhiteElo "2619"]
[BlackElo "2626"]
[WhiteTeam "Croatia"]
[BlackTeam "France"]
[WhiteFideId "14507927"]
[BlackFideId "13301527"]
[EventDate "2017.10.28"]

1. d4 Nf6 2. c4 e6 3. Nf3 d5 4. g3 Be7 5. Bg2 O-O 6. O-O dxc4 7. Qc2 b6 8. Bg5
Nd5 9. Bxe7 Qxe7 10. Ne5 Nd7 11. Nc6 Qd6 12. Qxc4 b5 13. Qxb5 a5 14. Bxd5 Ba6
15. Qxa5 exd5 16. Qxd5 Bxe2 17. Qxd6 cxd6 18. Re1 Bf3 19. Ne7+ Kh8 20. Re3 Bh5
21. Nc3 Rfb8 22. Rb1 Rb4 23. Nc6 Rb6 24. d5 Nf6 25. b4 Ra3 26. b5 h6 27. Nd4 Nd7
28. Rb3 Ra8 29. a4 Nc5 30. Rb4 Na6 31. Rc4 Nc5 32. Nc6 Nxa4 33. Rxa4 Rxa4 34.
Nxa4 Rxb5 35. Nc3 Rc5 36. Ne7 1-0